Представление документа в формате RUSMARC

Поле Инд. ПП Название Значение
Тип записи a
Библиографический уровень a
001 Контрольный номер 447ff076098047d3a99828251b3dd62f
005 Дата корректировки 20190127081239.9
100 a Данные общей обработки 20190110 ||| 0rusy0189 ca
101 0_ a Язык текста rus
102 a Страна публикации RU
200 1_ f Первые сведения об ответственности Д.А. Пашенцев
a Заглавие Кодификация как инструмент конструирования системы законодательства в начальный период Советского государства (к 100-летию первых советских кодексов)
b Общее обозначение материала Электронный ресурс
210 1_ d Дата издания 2018
461 _0 1 2000
a Журнал российского права
463 _0 1 2000
a № 11
v С. 5-13
1 2101
d 2018
1 001ba68544bc4ac4926ada78a5230d79378
606 a Основная рубрика Общая теория права
610 0_ a Ключевые слова СОВЕТСКОЕ ПРАВО
a Ключевые слова ЗАКОНОДАТЕЛЬСТВО
a Ключевые слова КОДИФИКАЦИЯ
700 _1 a Фамилия Пашенцев
b Имя Д.А.
801 _0 a Страна RU
b Организация РГУП
c Дата составления 20190110
g Правила каталогизации PSBO
801 _1 a Страна RU
b Организация РГУП
c Дата составления 20190110
g Правила каталогизации PSBO
901 t Тип документа b
w Контрольный № источника ba68544bc4ac4926ada78a5230d79378
905 a Дата ввода 20190110